000 00456nam a2200181Ia 4500
999 _c10641
_d10641
003 0100
005 20180228153337.0
008 130303s9999 xx 000 0 und d
040 _cARRUPELIB
050 _aDT779.V3 1970
100 _aVandenbosch, Amry
_939848
245 _aSouth Africa and the world:
_bthe foreign policy of apartheid /
260 _aLexington
_bThe University Press of Kentucky
_c1970
300 _aviii
300 _b 303p. 25cm.
650 _aAfrica, South
_xForeign Relations
_939764
942 _2lcc
_cMONOGRAPH